000 00349nam a2200121Ia 4500
008 190722s9999 xx 000 0 und d
020 _a978-93-325-0033-4
100 _aRobbins, Judge, Vohra
245 0 _aOrganizational Behavior
260 _aNew Delhi
_bPearson (Indian Ed.) Pvt. Ltd. Dorling Kindersley Pvt. Ltd.
_c2014
300 _a672
942 _cBK
999 _c491
_d491